| 000 | 00659nam a22002297a 4500 | ||
|---|---|---|---|
| 003 | UA-OsUOA | ||
| 001 | 42579 | ||
| 007 | ta | ||
| 008 | 20061113b un ||||| |||| 00| 0 ukr d | ||
| 090 |
_a(0945):342.82(477) _bК63 |
||
| 942 | _cBK | ||
| 040 |
_aUA-OsUOA _bukr _cUA-OsUOA _dUA-OsUOA |
||
| 245 |
_aКоментар Закону України "Про вибори народних депутатів України" _cА. І. Мартинюк |
||
| 300 | _a704 с. | ||
| 955 | _a2 | ||
| 041 | _aukr | ||
| 080 | _a(0945):342.82(477) | ||
| 020 | _a966-326-147-1 | ||
| 260 |
_aК. _bЮридична думка _c2006 |
||
| 650 | 7 | _2UDC | |
| 999 |
_c328712 _d328712 |
||